| 000 | 00523nam a2200205 a 4500 | ||
|---|---|---|---|
| 001 | 62828 | ||
| 003 | BD-RjUL | ||
| 005 | 20211209081127.0 | ||
| 008 | 170126s1965 nyu 000 1 eng | ||
| 035 | _a(BD-RjUL) 62956 | ||
| 040 |
_aBD-RjUL _cBD-RjUL _beng |
||
| 041 | _aeng | ||
| 082 |
_223 _a823 _bWAY 1965 |
||
| 100 | 1 |
_aWain, John. _9186770 |
|
| 245 | 1 | 4 |
_aThe young visitors / _cJohn Wain |
| 260 |
_aLondon : _bMacmillan _cc1965 |
||
| 300 |
_a206 p. ; _c21 cm. |
||
| 650 |
_aEnglish fiction _9185796 |
||
| 942 |
_2ddc _cBK |
||
| 999 |
_c62828 _d62828 |
||